000 00897nam a2200241Ia 4500
003 OSt
005 20220923222303.0
006 a|||||r|||| 00| 0
007 ta
008 220922b |||||||| |||| 00| 0 mar d
024 _a204,256
037 _cTextual
040 _aARTS
_cARTS
_bmar
041 _2mar
_amar
082 _aO155,1N101,HG, 152K6
100 _aमाडगूलकर, ग दि; मिश्र, रुवदत्त, अनु.
_9166583
245 0 _aहिन्दी गीत रामायण
246 _aHindī gīt rāmāyaṇa
260 _aबंबई
_b सूचना तथा अकाशवाणी मंत्रालय
_c1976
300 _a168पृ0
_ccm.
942 _hO155,1N101,HG, 152K6
_cTEXL
_2CC
999 _c355005
_d355005